00944nam a2200217 a 450000100060000000300090000600800410001504000280005608200160008410000260010024500680012626000500019430000080024450501800025265000490043265000300048165000350051194200120054699900170055895201510057522793CO-ViMGA141112s2004 ck r 000 u spa d aCO-ViMGAbspacCO-ViMGA04a333.7 M657i1 aMonroy, Nestor93257210aIntroducción a la producción más limpia : bMarco teorico aColombia : bEscuela Colombiana de Ingenieria aV.1 aProblematica ambiental en colombia, El desarrollo sostenible, Mercadeo verde, Ecoetiquetado, Ejemplos de gestión ambiental, Que es una herramienta, Optimizacion de procesos14aCONSERVACION DE LOS RECURSOS NATURALES944314aGESTION AMBIENTAL 91101114aPROTECCION DEL MEDIO AMBIENTE  2ddccBK c31090d31090 00102ddc40708002aMEVIECARbMEVIECARd2015-12-04hVolumen. 1 | 27/oct/2009l0o333.7 M657i p22793r2015-12-04 00:00:00tEj. 1w2015-12-04yBK